| 000 | 00559nam a2200181Ia 4500 | ||
|---|---|---|---|
| 008 | 090124s9999 xx 000 0 und d | ||
| 082 | _b20956 | ||
| 100 | _aगवाणकर वीणा | ||
| 245 | _a डॉ. आयडा स्कडर | ||
| 250 | _a1 | ||
| 260 |
_bराजहंस प्रकाशन _c1984 |
||
| 300 | _a120 | ||
| 600 | _aगवाणकर वीणा | ||
| 630 | _a डॉ. आयडा स्कडर | ||
| 700 | _aगवाणकर वीणा | ||
| 730 | _a डॉ. आयडा स्कडर | ||
| 942 | _cBOOK | ||
| 999 |
_c91121 _d91121 |
||